Les plus gros transferts du football - Saison 2010-2011 - Statistiques

Statistiques générales
  • Ce quiz a été pris 101 fois
  • Le résultat moyen est 8 sur 10
Statistiques - réponses
Montant de transfert (M €) Nationalité Venant de Allant à Joueur % Correct
58,50 Espagne Liverpool Chelsea Fernando Torres
98%
37,00 Bosnie-Herzégovine VfL Wolfsburg Manchester City Edin Dzeko
96%
30,00 Côte d'Ivoire Barcelone Manchester City Yaya Touré
92%
26,50 Uruguay Ajax Liverpool Luis Suárez
90%
33,00 Argentine Benfica Real Madrid Ángel Di María
84%
40,00 Espagne FC Valencia FC Barcelone David Villa
76%
29,50 Italie Inter Manchester City Mario Balotelli
74%
28,75 Espagne FC Valencia Manchester City David Silva
67%
25,00 Brésil Benfica Chelsea David Luiz
64%
41,00 Angleterre Newcastle Utd. Liverpool Andy Carroll
43%
Aucun quiz correspondant
Distribution des résultats
% des personnes avec chaque résultat
Percentile par nombre de réponses
Votre historique - résultats
Vous n’avez pas pris ce quiz